00562nam a22001697a 450000500170000001000170001702000270003403500170006103700150007810000210009324501070011426000410022127000650026230000230032770000190035070000230036920180423154811.0 aB-691583-584 c1345.00a9780198787334 aB-691583-584 bR.K.Books  aChoudhary, Sujit aOxford Handbook Of Indian Constitutioncby Sujit Choudhary [and] Madav Khosla [and] Pratap Bhanu Mehta aDelhibOxford University Pressc2016 a2/11 Ground Floor,Ansari Road, DaryaganjbNew Delhi e110002 a1048p.c24cm (pbk) aKhosla, Madhav aMehta, Pratapbhanu